000 00622nam a2200193 i 4500
001 133605
003 ES-MaACL
005 20230906194453.0
007 t|
008 070821s1926 sp |||| | spa d
100 1 _aSalaverría, José María,
_d1873-1940
_9101790
245 1 4 _aLos paladines iluminados /
_cJosé María Salaverría.
260 _aBarcelona :
_b[s.n.],
_c1926 (
_fL. Cortina)
300 _a184 p. ;
_c20 cm.
600 1 4 _aCervantes Saavedra, Miguel de,
_d1547-1616.
_tDon Quijote de la Mancha
_937612
630 0 4 _aPoema del Cid.
_9123904
852 _aES-MaACL
_jG-6329
999 _c133605
_d133605